[Event "Vem provar de minha espada!"]
[Site "http://www.queenalice.com/game.php?id=538234"]
[Date "2009.2.10"]
[Round "-"]
[White "arq40"]
[Black "BboyH"]
[Result "1-0"]
[WhiteElo "1923"]
[BlackElo "1926"]

1. e4 e6 2. d4 d5 3. exd5 exd5 4. Nd2 Nc6 5. Ngf3 Bf5 6. a3 Qf6 7. c3 Nge7 8.
Bb5 Ng6 9. Qe2+ Be7 10. Ne5 Nxe5 11. dxe5 Qe6 12. Nb3 O-O 13. Bxc6 bxc6 14. Nd4
Qg6 15. Nxf5 Qxf5 16. O-O Rfe8 17. f4 c5 18. Qf3 c6 19. Be3 c4 20. Qf2 a5 21.
Rad1 a4 22. Bd4 Ra5 23. Qg3 c5 24. Be3 Rd8 25. Qf2 Rb8 26. Rxd5 Rab5 27. Rd2 Qh5
28. Rfd1 Rxb2 29. Qe1 Rxd2 30. Qxd2 h6 31. Qc2 Ra8 32. Rd5 Qg4 33. Qd2 Ra5 34.
h3 Qf5 35. Rd7 Qe6 36. Rb7 Ra8 37. Qf2 Ra5 38. Qd2 Kh7 39. Qf2 f5 40. Rc7 Rb5
41. Bxc5 Bxc5 42. Rxc5 Rb3 43. Qd4 Rxa3 44. Rxc4 Ra1+ 45. Kh2 a3 46. Ra4 a2 47.
c4 Rc1 48. Rxa2 Rxc4 49. Qf2 h5 50. Rd2 Rc6 51. Qf3 g6 52. Qa3 Qe8 53. Rd6 Rc4
54. Qe3 Re4 55. Qf2 Kh6 56. Rd4 Qc6 57. Rd6 Qe8 58. Qh4 Kh7 59. Qg5 Rc4 60. e6
Rc7 61. Qf6 Kh6 62. Rd8 Qc6 63. Qf8+ Rg7 64. Rd7 Qc3 65. Qh8+ Rh7 66. Qxh7# 1-0

[Event "Em guarda, INFIEL!"]
[Site "http://www.queenalice.com/game.php?id=538235"]
[Date "2009.2.10"]
[Round "-"]
[White "BboyH"]
[Black "arq40"]
[Result "0-1"]
[WhiteElo "1965"]
[BlackElo "1905"]

1. d4 d5 2. Nf3 Nc6 3. e3 Nf6 4. Nc3 e6 5. Be2 Be7 6. O-O O-O 7. Bd3 Nb4 8. a3
Nxd3 9. Qxd3 c5 10. b3 a6 11. Na4 c4 12. bxc4 Qa5 13. Nc3 dxc4 14. Qxc4 Bd7 15.
Bd2 Rac8 16. Qb3 Bc6 17. Ne5 Qc7 18. f3 Bd6 19. f4 Nd5 20. Ne4 Bb5 21. Rfc1 Bxe5
22. fxe5 Nb6 23. Nd6 Bc4 24. Nxc4 Nxc4 25. Qd3 Nxd2 26. Qxd2 Qc3 27. Qe2 Rc7 28.
Ra2 Rfc8 29. Rd1 Qc4 30. Qxc4 Rxc4 31. Rd2 Rc3 32. Re2 h6 33. h3 b5 34. Kf2 R8c4
35. Rd2 Kf8 36. d5 exd5 37. Rxd5 Rxc2+ 38. Rxc2 Rxc2+ 39. Kf3 Ra2 40. Rd3 Ke7
41. g4 a5 42. Ke4 a4 43. Kd5 Rb2 44. Rc3 Rb3 45. Rc7+ Ke8 46. Kd6 Rd3+ 47. Kc6
Rc3+ 0-1

[Event "friendship!!!"]
[Site "http://www.queenalice.com/game.php?id=554081"]
[Date "2009.3.11"]
[Round "-"]
[White "BboyH"]
[Black "arq40"]
[Result "0-1"]
[WhiteElo "1819"]
[BlackElo "1939"]

1. Nf3 d5 2. e3 Nc6 3. c3 e5 4. d4 exd4 5. exd4 Nf6 6. Bg5 Be7 7. Be2 O-O 8. O-O
h6 9. Bh4 Re8 10. Bb5 Bd7 11. Re1 a6 12. Ba4 Nh7 13. Bg3 Nf6 14. Bc2 Bg4 15.
Nbd2 Nh5 16. Bd3 Nxg3 17. fxg3 Bd6 18. Qb3 Ne7 19. Ne5 Bc8 20. Ndf3 c6 21. c4
Qc7 22. c5 Bxe5 23. Nxe5 Be6 24. Re3 Bf5 25. g4 Bxd3 26. Qxd3 Ng6 27. Rf1 Nxe5
28. dxe5 Re6 29. Rfe1 Rae8 30. Qd4 Qe7 31. b4 Qc7 32. Qf4 f6 33. h4 Rxe5 34.
Rxe5 Rxe5 35. Rf1 Qc8 36. Kh2 Re4 37. Qf2 Qxg4 38. g3 Re2 0-1

[Event "friend's games"]
[Site "http://www.queenalice.com/game.php?id=557740"]
[Date "2009.3.18"]
[Round "-"]
[White "arq40"]
[Black "BboyH"]
[Result "0-1"]
[WhiteElo "1973"]
[BlackElo "1809"]

1. e4 e6 2. d4 d5 3. exd5 exd5 4. Nf3 Nf6 5. Nc3 Nc6 6. Bb5 Bd7 7. O-O Be7 8.
Re1 O-O 9. h3 Bb4 10. Bd2 Ba5 11. a3 Bb6 12. Bg5 a6 13. Ba4 h6 14. Bxf6 Qxf6 15.
Nxd5 Qd8 16. Nxb6 cxb6 17. c3 b5 18. Bb3 Kh8 19. Ne5 Nxe5 20. Rxe5 f6 21. Re3
Rc8 22. Qd3 f5 23. Rae1 Rc6 24. Re7 Rff6 25. Qg3 Rg6 26. Qf4 Kh7 27. Bc2 Rcf6
28. R7e5 Qc8 29. Rc5 Qf8 30. Rc7 Bc6 31. Ree7 Rxg2+ 32. Kf1 Rg5 33. Bb3 Bg2+ 34.
Ke1 Bxh3 35. Rxb7 Rg4 36. Qc7 Re4+ 37. Kd2 Rxe7 38. Qxe7 Qxe7 39. Rxe7 h5 40.
Bd1 h4 41. Re3 Bg2 42. Bf3 f4 43. Rd3 Bf1 44. Be2 Bg2 45. Bg4 g5 46. b3 f3 47.
Ke1 h3 48. Bxh3 Bxh3 49. Re3 Re6 50. Rxe6 Bxe6 51. b4 g4 52. Kd2 Kg6 53. Ke3 Kf5
0-1

[Event "Challenge"]
[Site "http://www.queenalice.com/game.php?id=572041"]
[Date "2009.4.14"]
[Round "-"]
[White "arq40"]
[Black "BboyH"]
[Result "0-1"]
[WhiteElo "1950"]
[BlackElo "1832"]

1. e4 Nf6 2. Nc3 e5 3. Nf3 Be7 4. Nxe5 Bb4 5. d3 d6 6. Nf3 Bg4 7. Bd2 Nc6 8. Be2
d5 9. exd5 Nxd5 10. Nxd5 Bxd2+ 11. Qxd2 Qxd5 12. O-O O-O-O 13. h3 Bf5 14. a3 f6
15. Nh4 Be6 16. Bf3 Qb5 17. Bxc6 Qxc6 18. d4 g5 19. Nf3 h5 20. c3 g4 21. hxg4
hxg4 22. Nh2 Rd5 23. Qf4 Rdh5 0-1

[Event "Challenge"]
[Site "http://www.queenalice.com/game.php?id=572687"]
[Date "2009.4.16"]
[Round "-"]
[White "arq40"]
[Black "lobo"]
[Result "1-0"]
[WhiteElo "1941"]
[BlackElo "1823"]

1. e4 e6 2. d4 h6 3. Nc3 a6 4. Nf3 Bb4 5. Bd2 b5 6. Bd3 Qe7 7. a3 Ba5 8. O-O Bb7
9. d5 Nf6 10. Re1 d6 11. h3 Nbd7 12. b4 Bb6 13. dxe6 fxe6 14. e5 dxe5 15. Nxe5
Nxe5 16. Rxe5 Qd6 17. Bg6+ Ke7 18. Re2 Qc6 19. Be4 Nxe4 20. Nxe4 Rad8 21. Qe1
Rhe8 22. Be3 Bxe3 23. Rxe3 Rd4 24. f3 g5 25. Nc5 Bc8 26. Qf2 Rd5 27. Rae1 Kf8
28. Qg3 Re7 29. Qg4 Rd6 30. c4 Re8 31. cxb5 axb5 32. Qe4 Qb6 33. Qh7 Re7 34.
Qh8+ Kf7 35. Qxc8 Re8 36. Qb7 Qxb7 37. Nxb7 Rd5 38. Re5 Rd3 39. R1e3 Rd1+ 40.
Kh2 Kf6 41. Nc5 Rd6 42. Kg3 Kf7 43. Kg4 Kg6 44. Rxe6+ Rdxe6 45. Rxe6+ Rxe6 46.
Nxe6 1-0

[Event "Come and get your revenge sir!"]
[Site "http://www.queenalice.com/game.php?id=583807"]
[Date "2009.5.6"]
[Round "-"]
[White "BboyH"]
[Black "arq40"]
[Result "0-1"]
[WhiteElo "1829"]
[BlackElo "1929"]

1. d4 d5 2. c3 Bf5 3. Nd2 Nf6 4. Qb3 b6 5. e3 Nc6 6. Bb5 Bd7 7. Ngf3 e6 8. Qc2
Nb8 9. c4 Bxb5 10. cxb5 Bd6 11. Qc3 Nbd7 12. O-O Rc8 13. h3 O-O 14. Re1 Re8 15.
e4 dxe4 16. Nxe4 Nxe4 17. Rxe4 Nf6 18. Re2 Qd7 19. Qd3 c5 20. Bg5 Be7 21. a4 Nd5
22. Ne5 Qc7 23. Nf3 h6 24. Bh4 Nf4 25. Qe4 Nxe2+ 26. Qxe2 Bxh4 27. Nxh4 cxd4 28.
Qd2 Red8 29. Re1 Qc2 30. Qxc2 Rxc2 31. f4 d3 32. Kf1 d2 33. Rd1 Rc1 34. Ke2 Rxd1
35. Kxd1 Rd4 36. g3 Rxa4 37. Kxd2 Rb4 38. Kc3 Rxb5 39. b4 a5 40. bxa5 bxa5 41.
Nf3 a4 42. Nd4 Rb1 43. h4 a3 0-1

[Event "Let's Play Chess!"]
[Site "http://www.queenalice.com/game.php?id=596371"]
[Date "2009.6.2"]
[Round "-"]
[White "arq40"]
[Black "Enxadrista_A"]
[Result "1-0"]
[WhiteElo "1952"]
[BlackElo "1785"]

1. e4 c5 2. Nf3 d6 3. d4 cxd4 4. Nxd4 Nf6 5. Nc3 g6 6. Be2 Bg7 7. Be3 a6 8. O-O
O-O 9. h3 Bd7 10. a3 Nc6 11. Qd2 Rc8 12. Rac1 Na5 13. f3 b5 14. b3 Rc7 15. Ncxb5
axb5 16. Qxa5 Rb7 17. Bd2 Nxe4 18. fxe4 Bxd4+ 19. Kh1 Qxa5 20. Bxa5 1-0

[Event "Brasil, Brasil!!!!!"]
[Site "http://www.queenalice.com/game.php?id=598774"]
[Date "2009.6.5"]
[Round "-"]
[White "arq40"]
[Black "josekasparov"]
[Result "0-1"]
[WhiteElo "1961"]
[BlackElo "1976"]

1. e4 e5 2. Nf3 Nc6 3. Bc4 Nf6 4. Nc3 Bc5 5. a3 d6 6. h3 Qe7 7. O-O h6 8. d3 Be6
9. Bxe6 Qxe6 10. Na4 g5 11. Nxc5 dxc5 12. Be3 Nd4 13. Nd2 b6 14. c3 Nc6 15. Nb3
O-O-O 16. Qe2 Qxb3 17. Rad1 Rd6 18. Rd2 Rhd8 19. Rfd1 c4 20. dxc4 Rxd2 21. Rxd2
Rxd2 22. Qxd2 Qxc4 23. f3 Na5 24. Qf2 Nh5 25. Kh2 Nb3 26. Qe1 Nc5 27. Bxc5 Qxc5
28. Qd2 Nf4 29. g3 Ne6 30. Qe2 h5 31. Kg2 h4 32. Qf2 Qxf2+ 33. Kxf2 Kd7 34. gxh4
gxh4 35. Ke3 Nf4 0-1

[Event "Brasil is cool!!!"]
[Site "http://www.queenalice.com/game.php?id=614485"]
[Date "2009.7.7"]
[Round "-"]
[White "arq40"]
[Black "KennyB"]
[Result "1-0"]
[WhiteElo "1991"]
[BlackElo "1834"]

1. e4 e6 2. d4 d5 3. exd5 exd5 4. Bd2 Nf6 5. Nc3 c6 6. Nf3 Bg4 7. Be2 Bd6 8. h3
Bh5 9. O-O O-O 10. Re1 Nbd7 11. Bg5 Re8 12. Nh4 Bxe2 13. Rxe2 Qc7 14. Qd2 Rxe2
15. Nxe2 Re8 16. Nf5 h6 17. Nxd6 Qxd6 18. Be3 Ne4 19. Qd3 Ndf6 20. Re1 b6 21. c3
c5 22. dxc5 bxc5 23. Rd1 Rd8 24. Qc2 Qe6 25. f3 Ng3 26. Nxg3 Qxe3+ 27. Kh1 Re8
28. Rd2 Qe1+ 29. Kh2 h5 30. Re2 Rxe2 31. Qxe2 Qxe2 32. Nxe2 Kf8 33. g4 hxg4 34.
hxg4 Ke7 35. b3 Ke6 36. Kg3 g5 37. Kf2 Ke5 38. Ke3 a5 39. a4 Ne8 40. f4+ gxf4+
41. Nxf4 d4+ 42. cxd4+ cxd4+ 43. Kf3 Nf6 44. Nd3+ Ke6 45. g5 Nd5 46. Kg4 Nb4 47.
Nxb4 axb4 48. Kf4 d3 49. Ke3 Kd5 50. Kxd3 Kc5 51. Ke4 Kd6 52. Kf5 1-0

[Event "Let's Play Chess!"]
[Site "http://www.queenalice.com/game.php?id=618230"]
[Date "2009.7.13"]
[Round "-"]
[White "Barryplayschess"]
[Black "arq40"]
[Result "1-0"]
[WhiteElo "2112"]
[BlackElo "1971"]

1. e4 e5 2. Nf3 Nc6 3. Bb5 d6 4. d4 exd4 5. Nxd4 Bd7 6. O-O Nf6 7. Nc3 Be7 8.
Bxc6 bxc6 9. Re1 O-O 10. Qf3 h6 11. b3 c5 12. Nf5 Bxf5 13. Qxf5 Re8 14. Bb2 Qd7
15. Qxd7 Nxd7 16. Nd5 Bd8 17. Rad1 Nb6 18. Nf4 Nd7 19. Nh5 g6 20. Nf4 Bf6 21.
Bxf6 Nxf6 22. f3 Re7 23. Kf2 Rae8 24. g4 c6 25. Rxd6 1-0

[Event "Brasil is goal!!!!"]
[Site "http://www.queenalice.com/game.php?id=618231"]
[Date "2009.7.13"]
[Round "-"]
[White "arq40"]
[Black "Barryplayschess"]
[Result "1-0"]
[WhiteElo "1946"]
[BlackElo "2159"]

1. e4 d6 2. d4 Nf6 3. Nc3 g6 4. Bf4 Bg7 5. Qd2 c6 6. Be2 b5 7. a3 a6 8. Nf3 h6
9. O-O Be6 10. Rad1 Nbd7 11. h3 Nb6 12. b3 g5 13. Bg3 g4 14. hxg4 Bxg4 15. e5
Nfd5 16. Rfe1 Bxf3 17. Bxf3 dxe5 18. Bxe5 Bxe5 19. dxe5 e6 20. Ne4 Qh4 21. Qd4
Kf8 22. Qc5+ Kg7 23. c4 1-0

[Event "Challenge"]
[Site "http://www.queenalice.com/game.php?id=636693"]
[Date "2009.8.15"]
[Round "-"]
[White "benjobench"]
[Black "arq40"]
[Result "0-1"]
[WhiteElo "2037"]
[BlackElo "1989"]

1. d4 d5 2. Nc3 e6 3. a3 c5 4. f4 Nf6 5. e3 Nc6 6. Nf3 Bd6 7. Be2 O-O 8. O-O Re8
9. Ne5 c4 10. Qe1 a6 11. g4 Nd7 12. g5 Ncxe5 13. fxe5 Nxe5 14. dxe5 Qxg5+ 15.
Qg3 Qxe5 16. Qxe5 Bxe5 17. Bd2 b5 18. Rf2 d4 19. Nd1 dxe3 20. Bxe3 Bb7 21. Rc1
Red8 22. b3 cxb3 23. cxb3 Rac8 24. Rxc8 Rxc8 25. Bf3 Bxf3 26. Rxf3 Rc2 27. Nf2
Rc3 28. Ng4 Bd6 29. a4 Rxb3 30. axb5 axb5 31. h3 Bc5 32. Kg2 Bxe3 33. Rxe3 Rxe3
34. Nxe3 f5 35. Kf3 Kf7 36. Ke2 g5 37. Nc2 e5 38. Ke3 h5 39. Nb4 Ke6 40. Nd3 Kd5
41. Nb4+ Kc4 42. Nd3 e4 43. Ne5+ Kc3 44. Nd7 b4 45. Nf6 b3 46. Nxh5 b2 47. Ng7
f4+ 48. Kxe4 b1=Q+ 49. Ke5 f3 50. Kf6 Qc1 51. Nf5 f2 52. Kg6 f1=Q 53. Nh6 Qxh3
54. Nf7 Qf4 55. Nxg5 Qhg4 56. Kh6 Qgxg5+ 57. Kh7 Qfh4# 0-1

[Event "Brasil is cool!"]
[Site "http://www.queenalice.com/game.php?id=639851"]
[Date "2009.8.21"]
[Round "-"]
[White "arq40"]
[Black "chessman"]
[Result "1-0"]
[WhiteElo "1971"]
[BlackElo "2076"]

1. e4 e6 2. d4 d5 3. exd5 exd5 4. Bd2 Nf6 5. Nc3 c6 6. Nf3 Bd6 7. Bd3 O-O 8. O-O
Bg4 9. h3 Bh5 10. Be2 Nbd7 11. Re1 Re8 12. Ng5 Rxe2 13. Nxe2 Bxe2 14. Qxe2 h6
15. Nf3 Ne4 16. Be3 Qb6 17. c4 Bb4 18. Rec1 Be7 19. cxd5 cxd5 20. Rc2 Ndf6 21.
Rac1 Bd6 22. Ne5 1-0

[Event "Brasil is cool, guys!!!"]
[Site "http://www.queenalice.com/game.php?id=650904"]
[Date "2009.9.13"]
[Round "-"]
[White "arq40"]
[Black "dnptrs"]
[Result "0-1"]
[WhiteElo "2001"]
[BlackElo "2093"]

1. e4 c5 2. Nf3 e6 3. d4 cxd4 4. Nxd4 Nf6 5. Nc3 Nc6 6. Be3 Be7 7. Be2 O-O 8.
O-O a6 9. Kh1 d6 10. f4 Bd7 11. f5 Nxd4 12. Bxd4 b5 13. a3 Qc7 14. Bf3 e5 15.
Bf2 Qb7 16. Qd2 Rac8 17. g4 Bc6 18. Nd5 Bxd5 19. exd5 e4 20. Bg2 Nxg4 21. Bxe4
Bf6 22. Bd4 Qc7 23. Rg1 Bxd4 24. Qxd4 Ne5 25. Qf2 f6 26. Qg3 Rf7 27. c3 Qc4 28.
Bg2 Qg4 29. Qf2 Re7 30. Qb6 Nf3 31. Rgf1 Nh4 32. Rf2 Rce8 33. Rg1 Re1 34. Bf1
Qe4+ 35. Bg2 Rxg1+ 36. Kxg1 Nxg2 37. Rxg2 Qe1# 0-1

[Event "Brasil is Nº 1, guy!"]
[Site "http://www.queenalice.com/game.php?id=650905"]
[Date "2009.9.13"]
[Round "-"]
[White "Capivara"]
[Black "arq40"]
[Result "1-0"]
[WhiteElo "2252"]
[BlackElo "2022"]

1. d4 d5 2. g3 Nf6 3. Bg2 e6 4. Nf3 c5 5. c3 Nbd7 6. Nbd2 b6 7. O-O Be7 8. Qc2
O-O 9. e4 dxe4 10. Nxe4 Bb7 11. Nfg5 Nxe4 12. Nxe4 Kh8 13. Ng5 Bxg5 14. Bxb7 Rb8
15. Bc6 Bxc1 16. Raxc1 cxd4 17. Rcd1 Rc8 18. Bb5 Nf6 19. Qa4 Qc7 20. Rxd4 Rcd8
21. Rfd1 Rxd4 22. Rxd4 Qe5 23. Qxa7 Qe1+ 24. Kg2 Ne4 25. Qxf7 Qxf2+ 26. Qxf2
Nxf2 27. h3 e5 28. Rd6 h6 29. Rxb6 Ne4 30. Bc6 Nd2 31. Bd5 e4 32. Re6 Rd8 33. c4
Nxc4 34. Bxc4 Rd2+ 35. Kf1 Rxb2 36. Rxe4 Rh2 37. h4 Rh1+ 38. Kg2 Rc1 39. Bb3 Rc8
40. Kf3 Rc3+ 41. Kf4 Rc6 42. g4 Rf6+ 43. Kg3 Rf8 44. h5 Rc8 45. Bf7 Rf8 46. Bg6
Kg8 47. a4 Ra8 48. a5 Kf8 49. a6 Rd8 50. a7 Ra8 51. Re8+ Rxe8 52. Bxe8 Kxe8 53.
a8=Q+ Kf7 54. Qe4 1-0

[Event "Brasil is cool!"]
[Site "http://www.queenalice.com/game.php?id=664749"]
[Date "2009.10.9"]
[Round "-"]
[White "arq40"]
[Black "benjobench"]
[Result "0-1"]
[WhiteElo "1920"]
[BlackElo "1949"]

1. e4 c6 2. d4 d5 3. Nc3 a6 4. Nf3 dxe4 5. Nxe4 Bf5 6. Bd3 e6 7. Ng3 Bxd3 8.
Qxd3 Bd6 9. Ne4 Ne7 10. Nxd6+ Qxd6 11. O-O Nd7 12. Qb3 b5 13. Be3 O-O 14. Rad1
Nd5 15. Bd2 Rfb8 16. c3 h6 17. Qc2 Rb7 18. b3 Rab8 19. c4 bxc4 20. Qxc4 Rb5 21.
Rc1 c5 22. dxc5 Rxc5 23. Qe2 Rbc8 24. Be3 Nxe3 25. Qxe3 Nf6 26. Rxc5 Rxc5 27.
Rc1 Ra5 28. a4 Ng4 29. Qe4 f5 30. Qc4 Rd5 31. Re1 Kf7 32. h3 Nf6 33. b4 Ne4 34.
b5 axb5 35. axb5 Qb6 36. Rb1 Nd6 37. Qc6 Qxc6 38. bxc6 Rc5 39. Rd1 Ke7 40. Kf1
Rxc6 41. Ne5 Ra6 42. Ng6+ Kf6 43. Nf4 g5 44. Nh5+ Kg6 45. Ng3 Kf6 46. Nh5+ Kg6
47. Ng3 e5 48. f3 h5 49. Rd5 h4 50. Ne2 Kf6 51. Nc3 Ke6 0-1

[Event "BRASIL IS ON CUP2010"]
[Site "http://www.queenalice.com/game.php?id=667940"]
[Date "2009.10.16"]
[Round "-"]
[White "arq40"]
[Black "viniciusmdc"]
[Result "1-0"]
[WhiteElo "2006"]
[BlackElo "1997"]

1. e4 c5 2. Nf3 d6 3. d4 cxd4 4. Nxd4 Nf6 5. Nc3 g6 6. Be3 Bg7 7. Be2 Nc6 8. O-O
O-O 9. h3 Bd7 10. Kh1 Rc8 11. f4 Na5 12. Bf2 Rxc3 13. bxc3 Nxe4 14. Be1 1-0

[Event "BRASIL IS ON CUP2010"]
[Site "http://www.queenalice.com/game.php?id=667941"]
[Date "2009.10.16"]
[Round "-"]
[White "viniciusmdc"]
[Black "arq40"]
[Result "0-1"]
[WhiteElo "2016"]
[BlackElo "1989"]

1. e4 e5 2. Nf3 Nc6 3. d4 exd4 4. c3 Bc5 5. Bc4 Nf6 6. cxd4 Bb4+ 7. Bd2 O-O 8.
d5 Bxd2+ 9. Nbxd2 Na5 10. Bd3 b6 11. O-O c5 12. d6 Bb7 13. Qa4 Bc6 0-1

[Event "Challenge"]
[Site "http://www.queenalice.com/game.php?id=684814"]
[Date "2009.11.17"]
[Round "-"]
[White "arq40"]
[Black "castel1341"]
[Result "0-1"]
[WhiteElo "2007"]
[BlackElo "1965"]

1. e4 c5 2. Nf3 d6 3. d4 cxd4 4. Nxd4 Nf6 5. Nc3 a6 6. Be2 e5 7. Nb3 Be6 8. Be3
Be7 9. O-O Qc7 10. Kh1 O-O 11. f4 exf4 12. Bxf4 Nbd7 13. Nd4 Ne5 14. Nxe6 fxe6
15. h3 Nfd7 16. Bg4 Nxg4 17. Qxg4 Rf6 18. Bh2 Raf8 19. Rf3 Qc4 20. Raf1 Rxf3 21.
Rxf3 Nf6 22. e5 Nxg4 0-1

[Event "Challenge"]
[Site "http://www.queenalice.com/game.php?id=687592"]
[Date "2009.11.23"]
[Round "-"]
[White "castel1341"]
[Black "arq40"]
[Result "1-0"]
[WhiteElo "2142"]
[BlackElo "1989"]

1. e4 e5 2. Nf3 Nc6 3. Bb5 d6 4. h3 Bd7 5. d4 exd4 6. Nxd4 Nf6 7. Nxc6 Bxc6 8.
Bxc6+ bxc6 9. O-O Be7 10. Nc3 O-O 11. b3 Re8 12. Qe2 Bf8 13. Bg5 Be7 14. Bf4 Nd7
15. Rad1 Bf6 16. Na4 Qe7 17. Qg4 Qd8 18. Rfe1 Ne5 19. Qh5 Ng6 20. Bg3 Bh4 21.
Bh2 Qg5 22. Qxg5 1-0

[Event "AMIGOS"]
[Site "http://www.queenalice.com/game.php?id=695894"]
[Date "2009.12.10"]
[Round "-"]
[White "carina"]
[Black "arq40"]
[Result "1-0"]
[WhiteElo "1649"]
[BlackElo "1979"]

1. c4 d5 2. d3 e6 3. Bd2 Nf6 4. Na3 Be7 5. cxd5 exd5 6. Nf3 Nc6 7. Nc2 O-O 8.
Bf4 Bd6 9. Bxd6 Qxd6 10. e3 Bg4 11. Be2 1-0